Statistics for Most PG Blocks Ever for Every Team

Click here to take the quiz!

General Stats

  • This quiz has been taken 9 times
  • The average score is 16 of 30

Answer Stats

TeamBlocksPlayer% Correct
LAL361Magic Johnson
100%
SAS121Avery Johnson
86%
POR239Damian Lillard
86%
BOS176Dennis Johnson
86%
UTA315John Stockton
86%
WAS369John Wall
86%
PHO159Kevin Johnson
86%
GSW208Steph Curry
86%
SAC167De'Aaron Fox
71%
CHI155Derrick Rose
71%
DET249Isiah Thomas
71%
BKN135Jason Kidd
71%
NOP101Jrue Holiday
71%
CHA233Kemba Walker
71%
TOR195Kyle Lowry
71%
MEM162Mike Conley
71%
ATL229Doc Rivers
57%
PHI272Maurice Cheeks
57%
DEN106Jamal Murray
43%
ORL125Penny Hardaway
43%
MIN65D'Angelo Russell
29%
DAL271Derek Harper
29%
MIA73Bimbo Coles
14%
NYK125Charlie Ward
14%
LAC114Eric Bledsoe
14%
OKL332Nate McMillan
14%
MIL202Paul Pressey
14%
HOU166Steve Francis
14%
IND128Jamaal Tinsley
0%
CLE142Terrell Brandon
0%

Score Distribution

Percentile by Number Answered

Percent of People with Each Score

Your Score History

You have not taken this quiz